[Event "HSG Open"]
[Site "Hilversum NED"]
[Date "2010.06.26"]
[Round "1"]
[White "De Wit,Albert"]
[Black "Van Engen,H"]
[Result "1/2-1/2"]
[WhiteElo "1955"]
[BlackElo "2161"]
[EventDate "2010.06.26"]

1. e4 c5 2. g3 Nc6 3. Bg2 g6 4. Ne2 Bg7 5. O-O d6 6. c3 e5 7. d3 Nge7 8.
Be3 b6 9. f4 d5 10. Na3 O-O 11. h3 Be6 12. fxe5 d4 13. cxd4 Nxd4 14. Nxd4
cxd4 15. Bf4 Nc6 16. Rc1 Nxe5 17. Nc4 Nxc4 18. dxc4 g5 19. Bd2 Be5 20. Qh5
f6 21. h4 g4 22. Bh6 Qe8 23. Qxe8 Rfxe8 24. Bf4 Rac8 25. b3 Rc6 26. Rfd1
Rec8 27. Bf1 a6 28. Rb1 Kf7 29. Bd3 Ke7 30. Kg2 b5 31. cxb5 axb5 32. Bd2
Bd6 33. Rbc1 Bd7 34. Kf2 Ra8 35. Bb1 Rca6 36. Bf4 Be5 37. Rc5 Rc6 38. Rdc1
Rac8 39. Rxc6 Bxc6 40. Rc5 Kd6 41. Rc1 Bd7 42. Rxc8 Bxc8 43. Bd2 Kc5 44.
Bd3 Bd7 45. b4+ Kc6 46. Bc2 Be6 47. a4 bxa4 48. Bxa4+ Kc7 49. Be8 Kd8 50.
Bb5 Bd7 51. Bc4 Bc6 52. Be2 h5 53. Bd3 Bd6 54. Be1 Kc7 55. Ke2 Kb6 56. Kd1
Bb5 57. Kc2 Ba4+ 58. Kb2 Be8 59. Bf2 Bb5 60. Kc2 Bc6 61. Kb3 Be8 62. Bc4
Bg6 63. Bd3 Bf7+ 1/2-1/2

[Event "HSG Open"]
[Site "Hilversum NED"]
[Date "2010.06.26"]
[Round "1"]
[White "Goudriaan,E"]
[Black "Van den Bergh,B"]
[Result "1-0"]
[WhiteElo "2249"]
[BlackElo "2008"]
[EventDate "2010.06.26"]

1. d4 Nf6 2. c4 g6 3. Nc3 Bg7 4. e4 d6 5. Be2 O-O 6. Nf3 Bg4 7. Be3 Nfd7 8.
Rc1 c5 9. d5 Na6 10. O-O Nc7 11. Qd2 Re8 12. Bh6 Bh8 13. Ng5 Bxe2 14. Qxe2
e6 15. Qf3 Bf6 16. dxe6 fxe6 17. Qg3 Qe7 18. Kh1 Bg7 19. Bxg7 Kxg7 20. Rcd1
Ne5 21. f4 Nxc4 22. f5 Rf8 23. Nxh7 Kxh7 24. Qxg6+ Kh8 25. Rd3 Rf7 26. Rh3+
Rh7 27. Rff3 Rg8 28. Rxh7+ Qxh7 29. Qf6+ Rg7 30. Rh3 Qxh3 31. gxh3 Ne5 32.
Ne2 Nd3 33. Ng3 Nf2+ 34. Kg2 Nxe4 35. Qh4+ 1-0

[Event "HSG Open"]
[Site "Hilversum NED"]
[Date "2010.06.26"]
[Round "1"]
[White "Lalith,B"]
[Black "Kampman,T"]
[Result "1-0"]
[WhiteElo "2493"]
[BlackElo "2058"]
[EventDate "2010.06.26"]

1. Nf3 b6 2. c4 Bb7 3. d4 e6 4. g3 f5 5. Bg2 Nf6 6. O-O Be7 7. Nc3 Ne4 8.
d5 Nxc3 9. bxc3 O-O 10. Qc2 Bd6 11. Nd4 Qf6 12. e4 Na6 13. Nb5 Nc5 14. exf5
exd5 15. cxd5 Ba6 16. a4 Bxb5 17. axb5 Qxf5 18. Qd1 a5 19. bxa6 Rxa6 20.
Be3 Rxa1 21. Qxa1 Ne4 22. Qc1 Nc5 23. Rd1 Be5 24. c4 Bd6 25. Qc3 Qg4 26.
Re1 Re8 27. Bxc5 Rxe1+ 28. Qxe1 bxc5 29. Qe8+ Bf8 30. Be4 g6 31. h3 Qd1+
32. Kg2 Qd4 33. Bf3 d6 34. Bg4 Qf6 35. Be6+ Kg7 36. h4 Qe7 37. Qc8 Kh6 38.
f4 Bg7 39. Kh3 Bd4 40. g4 Bf6 41. g5+ 1-0

[Event "HSG Open"]
[Site "Hilversum NED"]
[Date "2010.06.26"]
[Round "1"]
[White "Lasschuit,R"]
[Black "Galje,H"]
[Result "0-1"]
[WhiteElo "1917"]
[BlackElo "2133"]
[EventDate "2010.06.26"]

1. d4 Nf6 2. Nf3 e6 3. g3 c5 4. Bg2 cxd4 5. Nxd4 d5 6. O-O e5 7. Nb3 Nc6 8.
Bg5 Be6 9. Nc3 d4 10. Ne4 Be7 11. f4 Ng4 12. Bxe7 Qxe7 13. Qd3 Ne3 14. Rf2
Bc4 15. Qd2 Nxg2 16. fxe5 Qxe5 0-1

[Event "HSG Open"]
[Site "Hilversum NED"]
[Date "2010.06.26"]
[Round "1"]
[White "Van Brussel,B"]
[Black "Mostertman,L"]
[Result "0-1"]
[WhiteElo "1887"]
[BlackElo "2090"]
[EventDate "2010.06.26"]

1. e4 e5 2. Nf3 Nc6 3. d4 exd4 4. Nxd4 Nf6 5. Nxc6 bxc6 6. e5 Qe7 7. Qe2
Nd5 8. c4 Ba6 9. b3 O-O-O 10. Bb2 f6 11. exf6 Nxf6 12. Qxe7 Bxe7 13. Nc3 d5
14. O-O-O d4 15. Ne2 c5 16. Nf4 Ng4 17. Nd3 Rhf8 18. Be2 Nxf2 19. Nxf2 Rxf2
20. Bf3 Bb7 21. Bxb7+ Kxb7 22. g3 Bg5+ 23. Kb1 Re8 24. h4 Ree2 25. Bxd4
cxd4 26. hxg5 Rb2+ 27. Ka1 Rxa2+ 28. Kb1 Rab2+ 29. Ka1 Ra2+ 30. Kb1 Rfb2+
31. Kc1 Rg2 32. Kb1 Rab2+ 33. Ka1 Rxb3 34. Rxd4 Rbxg3 35. Rxh7 Rxg5 36.
Rhh4 Rf5 37. Rh1 g5 38. Re1 g4 39. Kb1 g3 40. Rde4 Rgf2 0-1

[Event "HSG Open"]
[Site "Hilversum NED"]
[Date "2010.06.26"]
[Round "1"]
[White "Van den Bergh,J"]
[Black "Bloem,M"]
[Result "1-0"]
[WhiteElo "2124"]
[BlackElo "1905"]
[EventDate "2010.06.26"]

1. d4 d5 2. Nf3 g6 3. c4 c6 4. Nc3 Nf6 5. Bg5 Bg7 6. e3 O-O 7. Bd3 Nbd7 8.
O-O dxc4 9. Bxc4 b5 10. Bd3 a6 11. a4 b4 12. Ne4 c5 13. dxc5 Bb7 14. Qc2
Rc8 15. Bxf6 Nxf6 16. Rfd1 Qc7 17. Nxf6+ Bxf6 18. Rac1 Rfd8 19. Qb3 a5 20.
Bc4 e6 21. Rxd8+ Rxd8 22. Bb5 Bxf3 23. gxf3 Rd2 24. Rc2 Rd1+ 25. Kg2 Qe5
26. Rc4 Rb1 27. c6 Qg5+ 28. Rg4 Qe5 29. Qc2 Rxb2 30. Qxb2 Qxb2 31. c7 1-0

[Event "HSG Open"]
[Site "Hilversum NED"]
[Date "2010.06.26"]
[Round "1"]
[White "Van den Hoogen,Arie"]
[Black "De Rover,YH"]
[Result "0-1"]
[WhiteElo "1998"]
[BlackElo "2245"]
[EventDate "2010.06.26"]

1. e4 c6 2. d4 d5 3. Nc3 dxe4 4. Nxe4 Bf5 5. Ng3 Bg6 6. h4 h6 7. h5 Bh7 8.
Nf3 Nd7 9. Bd3 Bxd3 10. Qxd3 e6 11. O-O Ngf6 12. Re1 Be7 13. c4 O-O 14. Bf4
Qa5 15. a3 b5 16. Ne5 Qa6 17. Qf3 bxc4 18. Qxc6 Qxc6 19. Nxc6 Rfe8 20.
Nxe7+ Rxe7 21. Bd6 Ree8 22. Rac1 Rec8 23. Re2 Rc6 24. Bb4 Nd5 25. Be1 Nf4
26. Rec2 Nd3 27. Rd1 Rac8 28. Bc3 Nf6 29. Kf1 Rb8 30. f3 Rb5 31. a4 Rd5 32.
Be1 Rxd4 33. Bc3 Rd5 34. Bxf6 gxf6 35. b3 Nb4 36. Rxd5 exd5 37. Rc3 cxb3
38. Rxb3 Rc1+ 39. Kf2 Rc2+ 40. Kf1 a5 41. Nf5 Rc4 42. g4 d4 43. Nxh6+ Kh7
44. Nf5 d3 45. Ke1 Rc1+ 46. Kd2 Rc2+ 47. Ke1 Re2+ 48. Kd1 Ra2 49. Nd6 Rxa4
50. Nc4 Nc6 51. Nb2 Rf4 52. Rxd3 Ne5 53. Ra3 Rxf3 54. Rxa5 Nxg4 55. Nc4 Rc3
56. Nd2 Rh3 57. Ke2 Kg7 58. Rf5 Rh2+ 59. Kf3 Nh6 60. Rd5 f5 61. Nf1 Rxh5
62. Ng3 Rg5 63. Kf4 Rg4+ 64. Kf3 Kg6 65. Ra5 Rb4 66. Rc5 Kg5 67. Rc3 Ng4
68. Rc7 Rb3+ 69. Kg2 Rb2+ 70. Kg1 Ne3 71. Nxf5 Kxf5 72. Rxf7+ Ke4 73. Rf8
Rg2+ 74. Kh1 Rg7 75. Rf2 Ng4 76. Rf8 Ne5 77. Re8 Kf4 78. Rf8+ Kg3 79. Kg1
Ng4 80. Kf1 Re7 81. Rg8 Re4 82. Rg7 Re8 83. Rg6 Kf3 84. Rg7 Ne3+ 85. Kg1
Nf5 86. Rf7 Re5 87. Rf8 Ra5 88. Rf7 Ra1+ 89. Kh2 Kg4 90. Kg2 Ne3+ 91. Kf2
Rf1+ 0-1

[Event "HSG Open"]
[Site "Hilversum NED"]
[Date "2010.06.26"]
[Round "1"]
[White "Veldhuysen,K"]
[Black "Afek,Y"]
[Result "0-1"]
[WhiteElo "2010"]
[BlackElo "2282"]
[EventDate "2010.06.26"]

1. e4 c5 2. Nf3 Nc6 3. d4 cxd4 4. Nxd4 g6 5. c4 Bg7 6. Be3 Nf6 7. Nc3 O-O
8. Be2 d6 9. O-O Bd7 10. Rc1 a6 11. Qd2 b5 12. f3 b4 13. Nd5 Nxd4 14. Nxf6+
Bxf6 15. Bxd4 Bxd4+ 16. Qxd4 Be6 17. f4 f6 18. f5 Bf7 19. fxg6 hxg6 20. Rf3
Rc8 21. a3 bxa3 22. Rxa3 a5 23. Rca1 Rc5 24. Kf1 Qc7 25. b3 Rb8 26. Bd1 Kg7
27. Qd2 Rb4 28. Ra4 Rxa4 29. Rxa4 Be8 30. Ra1 Re5 31. Bc2 Bc6 32. Re1 Qb6
33. Qc3 Qc5 34. Qd3 d5 35. exd5 Rf5+ 36. Ke2 Be8 37. Kd1 Rf4 38. Qe3 Rd4+
39. Kc1 e5 40. dxe6 a4 41. Kb2 axb3 42. Bxb3 Qd6 43. Kc3 Rg4 44. g3 Qa3 45.
Qb6 Rg5 46. Qc7+ Kh6 47. Qd8 Rf5 48. Qd2+ g5 49. Re3 Rf1 50. Kd4 Rh1 51.
Qa2 Qd6+ 52. Kc3 Rc1+ 53. Bc2 Bg6 54. Re2 Qd3+ 0-1

[Event "HSG Open"]
[Site "Hilversum NED"]
[Date "2010.06.27"]
[Round "2"]
[White "Ten Have,R"]
[Black "De Wit,Albert"]
[Result "1-0"]
[WhiteElo "1654"]
[BlackElo "1955"]
[EventDate "2010.06.26"]

1. e4 g6 2. Nc3 Bg7 3. g3 d6 4. Bg2 Nc6 5. d3 Nf6 6. h3 Nd4 7. Be3 c5 8.
Qd2 h5 9. Nd1 e5 10. c3 Ne6 11. f4 exf4 12. gxf4 Qe7 13. Ne2 Nc7 14. O-O d5
15. Nf2 Be6 16. Rae1 Rd8 17. f5 gxf5 18. exf5 Bxf5 19. Ng3 Be6 20. Nf5 Qf8
21. Bxc5 Qg8 22. Qf4 Rd7 23. Bd4 Rh7 24. Nd1 Kf8 25. Rf3 h4 26. Rf2 Nh5 27.
Bc5+ Ke8 28. Nd6+ Kd8 29. Nxb7+ Kc8 30. Nd6+ Kd8 31. Qb4 Na6 32. Qa5+ Nc7
33. Qxa7 Ke7 34. Nf5+ Kd8 35. Qb8+ 1-0

[Event "HSG Open"]
[Site "Hilversum NED"]
[Date "2010.06.27"]
[Round "2"]
[White "Van de Peut,A"]
[Black "Burton,G"]
[Result "1/2-1/2"]
[WhiteElo "1989"]
[BlackElo "2083"]
[EventDate "2010.06.26"]

1. e4 c5 2. Nc3 Nc6 3. g3 g6 4. Bg2 Bg7 5. d3 e6 6. Be3 d6 7. f4 Nge7 8.
Nf3 Nd4 9. O-O O-O 10. e5 Nef5 11. Bf2 Bd7 12. Ne4 Bc6 13. c3 Nxf3+ 14.
Bxf3 dxe5 15. fxe5 Qc7 16. Nxc5 Bxe5 17. d4 Bg7 18. g4 Nd6 19. a4 b6 20.
Na6 Qb7 21. Bxc6 Qxc6 22. Nb4 Qb7 23. Qe2 Rae8 24. Rae1 f5 25. Nd3 Ne4 26.
Be3 Nf6 27. Ne5 Nd5 28. Bf4 fxg4 29. Qxg4 Rf5 30. Nd3 Qf7 31. Bd2 Rf8 32.
Rxf5 exf5 33. Qf3 Nf6 34. Ne5 Qb3 35. Qc6 Ne4 36. Qc4+ Qxc4 37. Nxc4 Rc8
38. b3 Nxd2 39. Nxd2 Rxc3 40. Re8+ Kf7 41. Rd8 Rd3 42. Rd7+ Kf8 43. Nc4
Rxd4 44. Rxa7 Rd3 45. Ra8+ Ke7 46. Ra7+ Kf8 1/2-1/2

[Event "HSG Open"]
[Site "Hilversum NED"]
[Date "2010.06.27"]
[Round "2"]
[White "Van den Bergh,B"]
[Black "Van Brussel,B"]
[Result "1-0"]
[WhiteElo "2008"]
[BlackElo "1887"]
[EventDate "2010.06.26"]

1. e4 e6 2. d3 d5 3. Nd2 c5 4. Ngf3 Nc6 5. g3 Nf6 6. Bg2 Be7 7. O-O O-O 8.
Re1 Re8 9. e5 Nd7 10. c3 Qc7 11. Qe2 b6 12. Nf1 Ba6 13. h4 Rac8 14. Bf4 Qd8
15. N1h2 Bb7 16. Rad1 Nf8 17. h5 h6 18. Qd2 Nh7 19. Ng4 Ng5 20. Bxg5 Bxg5
21. Nxg5 Qxg5 22. Qxg5 hxg5 23. f4 gxf4 24. gxf4 Ne7 25. Kf2 Nf5 26. Rg1
Kh7 27. Rh1 Nh6 28. Ne3 Re7 29. d4 cxd4 30. Rxd4 Rc5 31. Rhd1 Ba6 32. Bh3
Bc4 33. b4 Rcc7 34. Nxc4 Rxc4 35. Rxc4 dxc4 36. Rd8 Rc7 37. a4 Ng8 38. Bg2
Ne7 39. Be4+ g6 40. hxg6+ fxg6 41. Rd6 Kg7 42. Rxe6 Kf7 43. Rf6+ Kg7 44.
Rd6 Kf7 45. Ke3 Rc8 46. b5 Rh8 47. Kd4 Rh4 48. Rf6+ Kg7 49. Kxc4 Nf5 50.
Bxf5 Rxf4+ 51. Kd5 gxf5 52. c4 Rf1 53. a5 f4 54. axb6 axb6 55. Rxb6 f3 56.
Rf6 1-0

[Event "HSG Open"]
[Site "Hilversum NED"]
[Date "2010.06.27"]
[Round "2"]
[White "Vogel,Ja"]
[Black "Steingrimsson,H"]
[Result "0-1"]
[WhiteElo "2210"]
[BlackElo "2550"]
[EventDate "2010.06.26"]

1. Nf3 c5 2. g3 g6 3. c3 b6 4. Bg2 Bb7 5. O-O Bg7 6. d4 Nf6 7. Bg5 O-O 8.
Qc1 d6 9. Bh6 Nbd7 10. Bxg7 Kxg7 11. Nbd2 e5 12. dxe5 dxe5 13. Qc2 Qc7 14.
Nh4 b5 15. a4 a6 16. Ra3 c4 17. Rfa1 Bxg2 18. Nxg2 Rab8 19. axb5 axb5 20.
Ne3 Rfc8 21. Ra7 Qc6 22. R7a6 Rb6 23. Ra7 Nc5 24. Nf3 Re8 25. Rd1 Rb7 26.
Rxb7 Qxb7 27. h4 Qc6 28. Qd2 Nce4 29. Qc2 Qc5 30. Nh2 Nxg3 31. Nhg4 Ngh5
32. Qd2 Nxg4 33. Nxg4 Nf4 34. h5 gxh5 35. Ne3 Qc8 36. Qd7 Nxe2+ 37. Kf1
Qxd7 38. Rxd7 Nf4 39. Rb7 Ra8 40. f3 Ra5 41. Nf5+ Kg6 42. Nd6 f6 43. Nxb5
Ra1+ 44. Kf2 h4 45. Rb8 h3 46. Rg8+ Kf7 0-1

[Event "HSG Open"]
[Site "Hilversum NED"]
[Date "2010.06.28"]
[Round "3"]
[White "De Wit,Albert"]
[Black "Van de Peut,A"]
[Result "1-0"]
[WhiteElo "1955"]
[BlackElo "1989"]
[EventDate "2010.06.26"]

1. e4 e6 2. d4 d5 3. Nc3 Bb4 4. Nge2 dxe4 5. a3 Be7 6. Nxe4 Nf6 7. Qd3 Nbd7
8. Bf4 Nxe4 9. Qxe4 Nf6 10. Qf3 Nd5 11. Be5 Bf6 12. h4 c6 13. Ng3 Bxe5 14.
dxe5 Qa5+ 15. c3 Ne7 16. Qe3 Nf5 17. Qf4 Nxg3 18. Qxg3 O-O 19. O-O-O f6 20.
exf6 Rxf6 21. Bc4 Qh5 22. Rd8+ Rf8 23. Rhd1 Qh6+ 24. Kc2 Qg6+ 25. Qxg6 hxg6
26. Rxc8 Raxc8 27. Bxe6+ Kh7 28. Bxc8 Rxc8 29. Rd7 Rf8 30. f3 Rf4 31. Rxb7
Rxh4 32. Rxa7 Rh2 33. Rb7 Rxg2+ 34. Kd3 Rg5 35. b4 Rd5+ 36. Ke4 Rd1 37. a4
Rc1 38. Kd4 Rf1 39. Rf7 g5 40. Rf5 Kg6 41. Rc5 Rxf3 42. Rxc6+ Kh5 43. a5 g4
44. Re6 g3 45. Re1 g2 46. Rg1 Rf2 47. a6 Kh4 48. b5 Kh3 49. a7 Ra2 50. b6
1-0

[Event "HSG Open"]
[Site "Hilversum NED"]
[Date "2010.06.29"]
[Round "4"]
[White "Abma,K"]
[Black "Kampman,T"]
[Result "0-1"]
[WhiteElo "1981"]
[BlackElo "2058"]
[EventDate "2010.06.26"]

1. d4 e6 2. Nf3 Nf6 3. e3 b6 4. Bd3 Bb7 5. O-O d5 6. Ne5 c5 7. b3 Nc6 8.
Bb2 Nxe5 9. dxe5 Nd7 10. f4 g6 11. Nd2 Bg7 12. Qg4 Qe7 13. e4 O-O 14. Rae1
c4 15. bxc4 dxe4 16. Nxe4 Bxe4 17. Rxe4 Rfd8 18. Qe2 Qb4 19. Bd4 Nc5 20. c3
Qa3 21. Re3 Nxd3 22. Rxd3 Rac8 23. Rh3 Qa4 24. g4 Qxc4 25. Qf2 h6 26. f5 g5
27. f6 Bf8 28. Rf3 Bc5 29. Bxc5 Rxc5 30. Rh3 Qxg4+ 31. Rg3 Qh4 32. Qg2 Qh5
33. Qb7 Rxe5 34. Qxa7 Re2 35. Rg2 Rxg2+ 36. Kxg2 Qe2+ 37. Rf2 Qe4+ 38. Kg1
Rd1+ 39. Rf1 Qg4+ 40. Kf2 Qf4+ 0-1

[Event "HSG Open"]
[Site "Hilversum NED"]
[Date "2010.06.29"]
[Round "4"]
[White "Afek,Y"]
[Black "Nagtegaal,K"]
[Result "1/2-1/2"]
[WhiteElo "2282"]
[BlackElo "2200"]
[EventDate "2010.06.26"]

1. e4 c5 2. Nf3 e6 3. c3 Nf6 4. e5 Nd5 5. Bc4 d6 6. d4 cxd4 7. cxd4 Nb6 8.
Bd3 dxe5 9. Nxe5 Nc6 10. Qf3 Nxe5 11. dxe5 Qd5 12. Qg3 Bb4+ 13. Nc3 Bxc3+
14. bxc3 Bd7 15. O-O O-O-O 16. c4 Qd4 17. Ba3 Bc6 18. Bd6 g5 19. Rfd1 Qf4
20. Qxf4 gxf4 21. f3 h5 22. Bf1 h4 23. Rd4 h3 24. gxh3 Bxf3 25. Rxf4 Bh5
26. c5 Nd7 27. Ra4 Rhg8+ 28. Kf2 Rg5 29. Rxa7 Rf5+ 30. Ke3 Nxe5 31. Rb1
Rxd6 32. cxd6 Nc6 33. Raxb7 Rf3+ 34. Kd2 Bg6 35. Rc7+ Kd8 36. Be2 Bxb1 37.
Bxf3 Ne5 38. Bh5 Bxa2 39. Bxf7 Nc4+ 40. Rxc4 Bxc4 41. h4 Kd7 42. h5 Ba2 43.
h4 Kxd6 44. h6 Bb1 45. h5 Ke7 46. Bg6 Kf8 47. Bxb1 Kg8 48. Ba2 1/2-1/2

[Event "HSG Open"]
[Site "Hilversum NED"]
[Date "2010.06.29"]
[Round "4"]
[White "Bloem,M"]
[Black "Henseler,J"]
[Result "0-1"]
[WhiteElo "1905"]
[BlackElo "2073"]
[EventDate "2010.06.26"]

1. e4 c6 2. d4 d5 3. Nc3 dxe4 4. Nxe4 Nd7 5. Nf3 Ngf6 6. Nxf6+ Nxf6 7. Bc4
Bf5 8. O-O e6 9. Re1 Be7 10. c3 O-O 11. Ne5 Nd7 12. Bf4 Nxe5 13. Bxe5 Bf6
14. Qf3 Bxe5 15. Rxe5 Qh4 16. b4 a6 17. Bb3 Rfc8 18. Rae1 Bg6 19. Qe3 Qd8
20. a4 a5 21. Rc1 axb4 22. cxb4 Qd6 23. b5 Rd8 24. bxc6 bxc6 25. Rec5 Qxd4
26. Qxd4 Rxd4 27. Rxc6 Kf8 28. Ra1 Rb4 29. Bd1 Be4 30. Rc5 Ra7 31. f3 Bd5
32. a5 Ke7 33. Be2 Kd6 34. Rc8 Rb2 35. Kf1 Bc6 36. Rd1+ Bd5 37. Ra1 g6 38.
Kf2 h5 39. Ke3 Rb3+ 40. Kd2 Rb2+ 41. Ke3 Rb3+ 42. Bd3 Rb2 43. Be2 Rb3+ 44.
Kf2 Rb2 45. Ke1 Kd7 46. Rc3 Kd6 47. Kf2 Kd7 48. Ke3 Kd6 49. Bf1 e5 50. a6
f5 51. g3 g5 52. Ra5 f4+ 53. gxf4 gxf4+ 54. Kd3 Bxf3 55. Rcc5 Rxa6 56. Rxe5
Rxa5 57. Rxa5 Rf2 58. Bh3 Rxh2 59. Bc8 Bg4 60. Bxg4 hxg4 61. Ke4 Rf2 62.
Ra6+ Kc5 63. Ra1 g3 64. Rg1 g2 0-1

[Event "HSG Open"]
[Site "Hilversum NED"]
[Date "2010.06.29"]
[Round "4"]
[White "De Rover,YH"]
[Black "Van den Bergh,J"]
[Result "1-0"]
[WhiteElo "2245"]
[BlackElo "2124"]
[EventDate "2010.06.26"]

1. c4 g6 2. g3 Bg7 3. Bg2 f5 4. Nf3 Nf6 5. O-O O-O 6. Nc3 d6 7. d3 Nc6 8.
Rb1 a5 9. a3 e5 10. b4 axb4 11. axb4 h6 12. b5 Ne7 13. Bb2 g5 14. Ra1 Rxa1
15. Qxa1 f4 16. c5 g4 17. cxd6 cxd6 18. Nh4 Nh7 19. Nd5 Bf6 20. Nxf6+ Rxf6
21. d4 d5 22. dxe5 Rf8 23. Ba3 Nf5 24. Nxf5 Rxf5 25. Qd4 f3 26. exf3 gxf3
27. Bh3 Ng5 28. Bxf5 Bxf5 29. e6 Nxe6 30. Qe5 Bh3 31. Bb2 d4 32. Rd1 Qc8
33. Bxd4 Qc2 34. Re1 Qc4 35. Qh8+ Kf7 36. Qh7+ Ke8 37. Bf6 Qb4 38. Qg8+ Kd7
39. Rd1+ Kc7 40. Bd8+ 1-0

[Event "HSG Open"]
[Site "Hilversum NED"]
[Date "2010.06.29"]
[Round "4"]
[White "Galje,H"]
[Black "Zimmermann,L"]
[Result "1-0"]
[WhiteElo "2133"]
[BlackElo "2057"]
[EventDate "2010.06.26"]

1. d4 Nf6 2. c4 g6 3. Nc3 d5 4. cxd5 Nxd5 5. Bd2 Bg7 6. e4 Nb6 7. Be3 O-O
8. h3 f5 9. exf5 Bxf5 10. Nf3 Nc6 11. Qb3+ Kh8 12. d5 Ne5 13. Nxe5 Bxe5 14.
Rd1 c6 15. g4 Bd7 16. dxc6 bxc6 17. Bg2 Rb8 18. Bxc6 Qc8 19. Bxd7 Nxd7 20.
Qa3 Qb7 21. Rf1 Nb6 22. Qc5 Bf6 23. g5 Rbc8 24. Qb4 Bg7 25. a4 Qc6 26. Bxb6
axb6 27. Rd3 Rf5 28. h4 Rc5 29. Kd2 Qg2 30. Re1 Qxf2+ 31. Re2 Qf7 32. Qxb6
Qf4+ 33. Kd1 Qf1+ 34. Kd2 Qf4+ 35. Kd1 Qxh4 36. Rd8+ Bf8 37. Rxf8+ Rxf8 38.
Qxc5 Rf1+ 39. Kc2 1-0

[Event "HSG Open"]
[Site "Hilversum NED"]
[Date "2010.06.29"]
[Round "4"]
[White "Lalith,B"]
[Black "Steingrimsson,H"]
[Result "1/2-1/2"]
[WhiteElo "2493"]
[BlackElo "2550"]
[EventDate "2010.06.26"]

1. Nf3 d5 2. d4 e6 3. c4 c6 4. Qc2 dxc4 5. Qxc4 Nf6 6. Bg5 h6 7. Bh4 b5 8.
Qc2 Bb7 9. e3 Nbd7 10. Nbd2 Rc8 11. Be2 Be7 12. O-O O-O 13. Rfd1 a6 14. a4
c5 15. d5 Nxd5 16. Bxe7 Qxe7 17. axb5 axb5 18. Bxb5 Nb4 19. Qc4 Rfd8 20.
Qe2 Nf6 21. Nc4 Qc7 22. h3 Be4 23. Ncd2 Bg6 24. Nf1 Rxd1 25. Qxd1 Bc2 26.
Qe2 Rd8 27. Rc1 Qb6 28. Ne1 Bg6 29. Ng3 Na2 30. Ra1 Nb4 31. Rc1 Na2 32. Ra1
Nb4 33. Rc1 Rb8 34. Bc4 Ne4 35. Nxe4 Bxe4 36. Nd3 Nc6 37. Qh5 Bg6 38. Qxc5
Qxc5 39. Nxc5 Rxb2 40. Nxe6 Rb1 41. Rxb1 Bxb1 42. Nd4 Nxd4 43. exd4 Kf8 44.
Kf1 Ke7 45. Ke2 Be4 46. f3 Bc6 47. Ke3 f6 48. Kf4 Bd7 49. Ke4 Kd6 50. h4
Bc8 51. Bf7 Bd7 52. h5 Bb5 53. Kf5 Bd3+ 54. Kf4 Bb5 55. Bg6 Ba6 56. Be4 Bb5
57. Bg6 Ba4 58. Be4 Bd7 59. Bb7 Be8 60. g4 Bd7 61. Ke4 Kc7 62. Ba8 Kd6 63.
Bb7 Kc7 64. Ba8 Kd6 65. Bb7 1/2-1/2

[Event "HSG Open"]
[Site "Hilversum NED"]
[Date "2010.06.29"]
[Round "4"]
[White "Mostertman,L"]
[Black "De Wit,Albert"]
[Result "0-1"]
[WhiteElo "2090"]
[BlackElo "1955"]
[EventDate "2010.06.26"]

1. e4 g6 2. d4 Bg7 3. c3 d5 4. exd5 Qxd5 5. Nf3 c5 6. Be2 Nc6 7. Be3 cxd4
8. cxd4 Nf6 9. Nc3 Qa5 10. O-O O-O 11. a3 Bf5 12. b4 Qd8 13. Rc1 Ne4 14.
Na4 Rc8 15. d5 Ne5 16. Bxa7 Rxc1 17. Qxc1 Qxd5 18. Rd1 Qa2 19. Nd4 Ra8 20.
Qe3 Rxa7 21. Nxf5 gxf5 22. Qxa7 Qxe2 23. Rd8+ Bf8 24. Rxf8+ Kxf8 25. Qb8+
Kg7 26. Qxe5+ Kg6 27. Qa1 Qxf2+ 28. Kh1 f4 29. Qg1 Qc2 30. Qe1 f5 31. Nc5
Nxc5 32. bxc5 Qxc5 33. Qe6+ Kg7 34. h3 b5 35. Kh2 h6 36. Kh1 Qc1+ 37. Kh2
Qc5 38. Kh1 h5 39. Kh2 f3 0-1

[Event "HSG Open"]
[Site "Hilversum NED"]
[Date "2010.06.29"]
[Round "4"]
[White "Nijboer,F"]
[Black "Goudriaan,E"]
[Result "1-0"]
[WhiteElo "2567"]
[BlackElo "2249"]
[EventDate "2010.06.26"]

1. e4 c5 2. Nf3 d6 3. d4 cxd4 4. Nxd4 Nf6 5. Nc3 a6 6. Be2 e5 7. Nb3 Be7 8.
O-O O-O 9. Kh1 Be6 10. f4 exf4 11. Bxf4 Nc6 12. Qe1 Ne5 13. Rd1 Qc7 14. Nd4
Rad8 15. Qg3 Kh8 16. Bc1 b5 17. a3 Qb7 18. Rfe1 Ng6 19. Bg5 d5 20. exd5
Nxd5 21. Bf3 Bxg5 22. Qxg5 f6 23. Qxg6 hxg6 24. Nxe6 Qc8 25. Nxd5 Qxc2 26.
Nxf8 Rxf8 27. Be4 Qf2 28. Bxg6 f5 29. Re3 Rd8 30. Rde1 Rxd5 31. Re8+ 1-0

[Event "HSG Open"]
[Site "Hilversum NED"]
[Date "2010.06.29"]
[Round "4"]
[White "Slingerland,F"]
[Black "De Jongh,Adriaan"]
[Result "1/2-1/2"]
[WhiteElo "2397"]
[BlackElo "2227"]
[EventDate "2010.06.26"]

1. e4 e5 2. Nf3 Nc6 3. Bb5 a6 4. Bxc6 dxc6 5. O-O Qf6 6. d4 exd4 7. Bg5 Qd6
8. Nxd4 c5 9. Ne2 Qxd1 10. Rxd1 Bd7 11. Nbc3 Ne7 12. Rd2 f6 13. Bf4 O-O-O
14. Rad1 Ng6 15. Bg3 Ne5 16. b3 Bd6 17. Nd5 Rhe8 18. Nb6+ cxb6 19. Rxd6 Nf7
20. R6d2 Bc6 21. f3 Rxd2 22. Rxd2 Rd8 23. Rxd8+ Nxd8 24. e5 fxe5 25. Bxe5
Ne6 26. Kf2 Kd7 27. Ke3 b5 28. Ng3 Ke7 29. h4 g6 30. h5 c4 31. b4 Ng5 32.
a3 Ke6 33. Bf4 Nf7 34. c3 Bd5 35. hxg6 hxg6 36. Ne2 Kf6 37. Bc7 Be6 38. g4
Bd5 39. Ng3 Bc6 40. Ne4+ Ke6 41. Nc5+ Ke7 42. Kf4 Bd5 43. Ke3 Ng5 44. Ne4
Nxe4 45. fxe4 Be6 46. Kf4 Kf7 47. Bb6 Kf6 48. Bd4+ 1/2-1/2

[Event "HSG Open"]
[Site "Hilversum NED"]
[Date "2010.06.29"]
[Round "4"]
[White "Tulfer,P"]
[Black "Van Brussel,B"]
[Result "1/2-1/2"]
[WhiteElo "1901"]
[BlackElo "1887"]
[EventDate "2010.06.26"]

1. e4 c5 2. Nf3 g6 3. d4 cxd4 4. Nxd4 Bg7 5. Nc3 Nc6 6. Be3 Nf6 7. Bc4 O-O
8. f3 Qb6 9. Qd2 Nxe4 10. fxe4 Bxd4 11. Bxd4 Qxd4 12. Qxd4 Nxd4 13. O-O-O
Nc6 14. h4 d6 15. Be2 h5 16. Rhg1 Bg4 17. Bxg4 hxg4 18. Nd5 Kg7 19. Rgf1 f5
20. Nc7 Rac8 21. Ne6+ Kg8 22. Nxf8 Rxf8 23. exf5 gxf5 24. g3 Kg7 25. Rd5
1/2-1/2

[Event "HSG Open"]
[Site "Hilversum NED"]
[Date "2010.06.29"]
[Round "4"]
[White "Van de Peut,A"]
[Black "Lasschuit,R"]
[Result "1-0"]
[WhiteElo "1989"]
[BlackElo "1917"]
[EventDate "2010.06.26"]

1. e4 e6 2. d4 d5 3. Nc3 Nf6 4. Bg5 dxe4 5. Nxe4 Be7 6. Nxf6+ Bxf6 7. Bxf6
Qxf6 8. Nf3 O-O 9. Bd3 Nc6 10. O-O e5 11. dxe5 Nxe5 12. Nxe5 Qxe5 13. c3
Be6 14. Re1 Qf6 15. Re3 c5 16. Qc2 g6 17. Rae1 c4 18. Be4 Rab8 19. Qe2 Rfd8
20. Bf3 b5 21. h4 Qxh4 22. Rxe6 fxe6 23. Qxe6+ Kg7 24. Qe5+ Qf6 25. Qc7+
Kf8 26. Re4 Rbc8 27. Qxh7 Re8 28. Qh6+ Qg7 29. Rf4+ 1-0

[Event "HSG Open"]
[Site "Hilversum NED"]
[Date "2010.06.29"]
[Round "4"]
[White "Van den Bergh,B"]
[Black "Burton,G"]
[Result "0-1"]
[WhiteElo "2008"]
[BlackElo "2083"]
[EventDate "2010.06.26"]

1. e4 c5 2. Nf3 e6 3. d3 Nc6 4. g3 g6 5. Bg2 Bg7 6. O-O Nge7 7. Nbd2 O-O 8.
c3 d6 9. Nh4 e5 10. f4 f5 11. fxe5 Nxe5 12. Ndf3 Qb6 13. Nxe5 dxe5 14. Bg5
Bf6 15. Bxf6 Rxf6 16. Qd2 Be6 17. exf5 Nxf5 18. Nxf5 Bxf5 19. Bd5+ Kh8 20.
c4 Rff8 21. Qe2 Bh3 22. Rf6 Qxf6 23. Bxb7 e4 24. Bxe4 Qd4+ 25. Kh1 Rf2 0-1

[Event "HSG Open"]
[Site "Hilversum NED"]
[Date "2010.06.29"]
[Round "4"]
[White "Van der Kooij,P"]
[Black "Kunnen,Ruurd"]
[Result "1-0"]
[WhiteElo "2054"]
[BlackElo "1986"]
[EventDate "2010.06.26"]

1. d4 Nf6 2. Nf3 e6 3. Bg5 c5 4. e3 h6 5. Bh4 Nc6 6. c3 b6 7. Nbd2 Be7 8.
Bd3 O-O 9. Qe2 d5 10. Rd1 Bb7 11. O-O Rc8 12. Rfe1 cxd4 13. exd4 Nh5 14.
Bg3 Nxg3 15. hxg3 Bf6 16. Nf1 g6 17. Ne3 Bg7 18. Ng4 Kh7 19. Kh2 Qc7 20.
Rh1 f5 21. Kg1 Qe7 22. Ne3 Rcd8 23. Qc2 Qf6 24. g4 Kg8 25. gxf5 exf5 26.
Qb3 Qf7 27. Bb5 Ne7 28. Re1 Bc6 29. Bd3 Rfe8 30. Qd1 Nc8 31. Ne5 Bxe5 32.
dxe5 Kg7 33. Nc2 Qc7 34. Nd4 Bb7 35. Qd2 h5 36. Qg5 Qf7 37. e6 Qf6 38.
Nxf5+ 1-0

[Event "HSG Open"]
[Site "Hilversum NED"]
[Date "2010.06.29"]
[Round "4"]
[White "Vogel,Ja"]
[Black "Koudinov,D"]
[Result "1/2-1/2"]
[WhiteElo "2210"]
[BlackElo "2063"]
[EventDate "2010.06.26"]

1. d4 d5 2. Nf3 c5 3. c4 cxd4 4. Nxd4 Nf6 5. cxd5 Nxd5 6. e4 Nb6 7. Nc3 e6
8. Be3 Bd7 9. Be2 Nc6 10. Ndb5 Rc8 11. O-O a6 12. Nd6+ Bxd6 13. Qxd6 Na8
14. e5 Ne7 15. Ne4 Nf5 16. Qb4 Bc6 17. Rfd1 Qc7 18. Rac1 a5 19. Nd6+ Nxd6
20. Qxd6 Qxd6 21. exd6 Kd7 1/2-1/2